Largest city in each Japanese Prefecture - Statistics

General Stats
  • This quiz has been taken 27 times
  • The average score is 34 of 47
Answer Stats
Prefecture Largest City 最大の都市 Population % Correct
Osaka 大阪府 Osaka 大阪市 2.5 Million
96%
Tokyo 東京 Tokyo 東京 14 Million (City Proper)
96%
Hiroshima 広島県 Hiroshima 広島市 2 Million
91%
Kyoto 京都府 Kyoto 京都市 1.4 Million
91%
Nagasaki 長崎県 Nagasaki 長崎市 407K
91%
Hokkaido 北海道 Sapporo 札幌市 1.9 Million
91%
Akita 秋田県 Akita 秋田市 296K
87%
Aomori 青森県 Aomori 青森市 298K
87%
Fukuoka 福岡県 Fukuoka 福岡市 1.6 Million
87%
Kumamoto 熊本県 Kumamoto 熊本市 735K
87%
Nagano 長野県 Nagano 長野市 364K
87%
Nara 奈良県 Nara 奈良市 1.2 Million
87%
Niigata 新潟県 Niigata 新潟市 794K
87%
Chiba 千葉県 Chiba 千葉県 983K
83%
Gifu 岐阜県 Gifu 岐阜市 1.9 Million
83%
Kagoshima 鹿児島県 Kagoshima 鹿児島市 579K
83%
Kochi 高知県 Kochi 高知市 318K
83%
Miyazaki 宮崎県 Miyazaki 宮崎市 1 Million
83%
Aichi 愛知県 Nagoya 名古屋市 2.1 Million
83%
Okayama 岡山県 Okayama 岡山市 719K
83%
Saga 佐賀県 Saga 佐賀市 482K
83%
Tokushima 徳島県 Tokushima 徳島市 682K
83%
Tottori 鳥取県 Tottori 鳥取市 154K
83%
Toyama 富山県 Toyama 富山市 993K
83%
Yamagata 山形県 Yamagata 山形市 254K
83%
Fukui 福井県 Fukui 福井市 737K
78%
Oita 大分県 Oita 大分市 293K
78%
Saitama 埼玉県 Saitama 埼玉県 1.3 Million
78%
Miyagi 宮城県 Sendai 仙台市 2.3 Million
78%
Wakayama 和歌山県 Wakayama 和歌山市 876K
78%
Yamaguchi 山口県 Yamaguchi 山口市 1.3 Million
78%
Kanagawa 神奈川県 Yokohama 横浜 3.8 Million
78%
Hyogo 兵庫県 Kobe 神戸市 1.5 Million
74%
Shizouka 静岡県 Hamamatsu 浜松市 781K
61%
Okinawa 沖縄県 Naha 那覇市 2.9 Million
61%
Ehime 愛媛県 Matsuyama 松山市 443K
57%
Ishikawa 石川県 Kanazawa 金沢市 461K
52%
Iwate 岩手県 Morioka 盛岡市 295K
48%
Shiga 滋賀県 Otsu 大津市 342K
48%
Kagawa 香川県 Takamatsu 高松市 414K
48%
Tochigi 栃木県 Utsunomiya 宇都宮市 517K
48%
Fukushima 福島県 Iwaki いわき市 332K
39%
Shimane 島根県 Matsue 松江市 207K
39%
Ibaraki 茨城県 Mito 水戸市 270K
39%
Mie 三重県 Yokkaichi 四日市市 295K
39%
Gunma 群馬県 Takasaki 高崎市 240K
35%
Yamanashi 山梨県 Kofu 甲府市 190K
30%
No matching quizzes found
Score Distribution
Percent of People with Each Score
Percentile by Number Answered
Your Score History
You have not taken this quiz